000 00524nam a2200157 i 4500
001 62995
003 ES-MaACL
005 20230906164749.0
007 t|
008 031127s1972 sp ||||1| spa d
100 1 _aFernández Ortiz, José Luis.
_949972
245 1 0 _aDerecho sindical
_b: secretarios técnicos sindicales : (contestaciones al cuestionario) /
_cpor José L. Fernández Ortiz.
260 _a[Toledo :
_bOrganización Sindical,
_c1972]
300 _a163 fol. ;
_c31 cm.
852 _aES-MaACL
_jC-42896
_bR.82215
999 _c62995
_d62995